LEADER 00946nam0-22002891i-450- 001 990000148210403321 035 $a000014821 035 $aFED01000014821 035 $a(Aleph)000014821FED01 035 $a000014821 100 $a20011111d--------km-y0itay50------ba 101 0 $aita 105 $ay-------001yy 200 1 $aPei monumenti di Napoli$erisposta del ministro dell'istruzione pubblica Luigi Rava all'interpellanza del senatore CarafaD'Andria$etornata 21 marzo 1908. 210 $aRoma$cForzani e c. Tipografi del Senato$d1908 215 $a21 p.$d22 cm 300 $aIn testa al front.: Senato del Regno 702 1$aRava,$bLuigi 710 02$aItalia.$bMinistero della pubblica istruzione$0354240 801 0$aIT$bUNINA$gRICA$2UNIMARC 901 $aBK 912 $a990000148210403321 952 $a13 MISC 402 15$b10751$fFINBC 959 $aFINBC 996 $aPei monumenti di Napoli$9120757 997 $aUNINA DB $aING01